000 004600000a22001810004500
003 MACL
005 20150813165411.0
008 150813b xxu||||| |||| 00| 0 eng d
040 _aMACL
_cMACL
041 _aEnglish
082 _a403/HAW
100 _aHawkins, R E
_95449
245 _aEncyclopaedia of Indian Natural History
260 _bOxford University Press
_c1986
_aNew Delhi
350 _a245
650 _aEncyclopaedia
_95450
942 _cBK
_k403
_2ddc
999 _c8346
_d8346